000 00859nam a22002417a 4500
999 _c20412
_d20412
003 AR-CdUCM
008 190506b ||||| |||| 00| 0 spa d
040 _aMUNICIPALIDAD PROVINCIAL DEL CUSCO
_cBIBLIOTECA MUNICIPAL DEL CUSCO
041 _heng
082 _a509.01 /
_bSA26
100 _aSarton, George
_936676
245 _aHistoria de la ciencia :
_bLa ciencia antigua durante la edad de oro griega /
260 _aBuenos Aires :
_bUniversidad de Buenos Aires,
_c1965.
300 _a788 páginas ;
_c22 cm.
440 _aBiblioteca el hombre y su sombra
_940483
505 _aContenido: Los orígenes orientales y griegos -- El siglo V.
650 _aCiencia antigua
_936678
650 _aAstronomía
_920572
650 _aEl renacimiento
_913044
700 _aBanini, José (Traducción)
_939710
942 _2ddc
_cLIBROS
945 _adavv
_d2019-05-30